| 000 | 00457cam a22001457a 4500 | ||
|---|---|---|---|
| 008 | 180718b1971 xxu||||| |||| 00| 0 eng d | ||
| 082 | _aF5x54 At14 | ||
| 100 | _aAtal,Yogesh | ||
| 245 |
_aLocal communitities and national politics _cBy Yogesh Atal |
||
| 260 |
_aDelhi _bNational _c1971 |
||
| 300 | _axviii, 428p | ||
| 650 | _aPolitical parties -- India | ||
| 650 | _aLocal government --India -- Uttar Pradesh | ||
| 650 | _aPanchayat -- India -- Uttar Pradesh | ||
| 999 |
_c409164 _d409164 |
||